00581nam a22001813i 4500003000400000005001700004008004100021020001800062040000900080100002300089245011300112264003900225490002900264650003500293650003500328776001800363776001800381OSt20260129175825.0251127s2025 xx o ||||0 spa d a9788411661621 ccdmr1 aTardivo, Giuliano.10aPluralismo y discursos del odio en España e Italia :bSociología de la Comunicación del Sur de Europa. 1aBarcelona :bEditorial UOC,c2025.1 aManuales Series ;vv.748 0aÈtica periodísticazEuropa 0aSociologia de la comunicació08z84-11-66162-808z84-11-66163-6